Fundamentals of Materials Science and Engineering : (Record no. 12789)

MARC details
000 -LEADER
fixed length control field 01314nac a22002531u 4500
008 - FIXED-LENGTH DATA ELEMENTS--GENERAL INFORMATION
fixed length control field 091014t xxu||||| |||| 00| 0 eng d
010 ## - LIBRARY OF CONGRESS CONTROL NUMBER
LC control number 2003070540
020 ## - INTERNATIONAL STANDARD BOOK NUMBER
International Standard Book Number 9780470234631
082 00 - DEWEY DECIMAL CLASSIFICATION NUMBER
Classification number 620.11
Item number CAL
100 ## - MAIN ENTRY--PERSONAL NAME
Personal name Callister, William D.,
9 (RLIN) 8853
245 10 - TITLE STATEMENT
Title Fundamentals of Materials Science and Engineering :
Remainder of title An Integrated Approach /
Statement of responsibility, etc William D. Callister, David G. Rethwisch
250 ## - EDITION STATEMENT
Edition statement 3rd ed.
260 ## - PUBLICATION, DISTRIBUTION, ETC. (IMPRINT)
Place of publication, distribution, etc Hoboken, NJ :
Name of publisher, distributor, etc John Wiley & Sons,
Date of publication, distribution, etc c2008.
300 ## - PHYSICAL DESCRIPTION
Extent xxiii, 882 p.:
Other physical details col. ill. ;
Dimensions 27 cm.
500 ## - GENERAL NOTE
General note "International Student Version" --- Cover
504 ## - BIBLIOGRAPHY, ETC. NOTE
Bibliography, etc Includes bibliographical references and index.
650 #0 - SUBJECT ADDED ENTRY--TOPICAL TERM
Topical term or geographic name as entry element Materials.
9 (RLIN) 8854
700 1# - ADDED ENTRY--PERSONAL NAME
Personal name Rethwisch, David G.
9 (RLIN) 8855
856 42 - ELECTRONIC LOCATION AND ACCESS
Materials specified Publisher description
Uniform Resource Identifier <a href="http://www.loc.gov/catdir/description/wiley041/2003070540.html">http://www.loc.gov/catdir/description/wiley041/2003070540.html</a>
856 42 - ELECTRONIC LOCATION AND ACCESS
Materials specified Table of contents
Uniform Resource Identifier <a href="http://www.loc.gov/catdir/toc/wiley041/2003070540.html">http://www.loc.gov/catdir/toc/wiley041/2003070540.html</a>
942 ## - ADDED ENTRY ELEMENTS (KOHA)
Item type Book - Borrowing
Call number prefix 620.11CAL
Source of classification or shelving scheme Dewey Decimal Classification
Holdings
Withdrawn status Item status Source of classification or shelving scheme Damaged status Not for loan Vendor Home library Current library Shelving location Date acquired Source of acquisition Total Checkouts Full call number Barcode Date last seen Date last borrowed Koha item type Total Renewals
    Dewey Decimal Classification     Baccah Central Library Central Library First floor 14/10/2009   6 620.11 CAL 000018265 15/07/2025 26/11/2013 NB - Book (Non borrowing)  
    Dewey Decimal Classification     Baccah Central Library Central Library First floor 14/10/2009   16 620.11 CAL 000018264 15/07/2025 30/10/2017 Book - Borrowing 49